| 000 | 00450nam a2200145Ia 4500 | ||
|---|---|---|---|
| 008 | 231129s1977||||xx |||||||||||||| ||spa|| | ||
| 020 | _a958-612-262-X | ||
| 040 | _bspa | ||
| 082 | _a344.093 C755 | ||
| 100 | _aConsejo Internacional de Museos | ||
| 245 | 0 | _aCodigo de etica profesional de los museos | |
| 260 | _c1977 | ||
| 264 | _aInstituto Colombiano de Cultura; Museo Nacional de Colombia | ||
| 942 |
_2ddc _cBKS |
||
| 999 |
_c7131 _d7131 |
||